Language in social groups
保存先:
| 第一著者: | |
|---|---|
| フォーマット: | 図書 |
| 言語: | Undetermined |
| 出版事項: |
Stanford, California
Stanford Univ. Press
1971
|
| 主題: | |
| タグ: |
タグ追加
タグなし, このレコードへの初めてのタグを付けませんか!
|
| Thư viện lưu trữ: | Trung tâm Học liệu Trường Đại học Cần Thơ |
|---|
| LEADER | 00576nam a2200193Ia 4500 | ||
|---|---|---|---|
| 001 | CTU_27245 | ||
| 008 | 210402s9999 xx 000 0 und d | ||
| 020 | |b 125.05Dfl | ||
| 082 | |a 306.44 | ||
| 082 | |b G974 | ||
| 100 | |a John J Gumperz | ||
| 245 | 0 | |a Language in social groups | |
| 245 | 0 | |c John J Gumperz | |
| 260 | |a Stanford, California | ||
| 260 | |b Stanford Univ. Press | ||
| 260 | |c 1971 | ||
| 650 | |a language and languages - study and teaching - social aspects,sociolinguistics | ||
| 904 | |i Minh, 981209 | ||
| 980 | |a Trung tâm Học liệu Trường Đại học Cần Thơ | ||